Normal view
MARC view
Entry Topical Term
001 - CONTROL NUMBER
- control field: 41099
003 - CONTROL NUMBER IDENTIFIER
- control field: ARRUPE
005 - DATE AND TIME OF LATEST TRANSACTION
- control field: 20180327095748.0
008 - FIXED-LENGTH DATA ELEMENTS
- fixed length control field: 180327|| aca||aabn | a|a d
040 ## - CATALOGING SOURCE
- Original cataloging agency: ARRUPE
- Transcribing agency: ARRUPE
150 ## - HEADING--TOPICAL TERM
- Topical term or geographic name as entry element: Beowulf.
670 ## - SOURCE DATA FOUND
- Source citation: Work cat.: (ARRUPE)0: Nicholson, Lewis E., ed. 41098, An anthology of Beowulf criticism., 1963.